New York State By Picture - Statistics

General Stats
  • This quiz has been taken 62 times
  • The average score is 7 of 10
Answer Stats
Picture Answer % Correct
New York City
96%
Niagara Falls
96%
Statue of Liberty
88%
Buffalo
81%
Rochester
81%
Albany
79%
Syracuse
69%
Letchworth State Park
27%
Lake Placid
23%
Cornell University
10%
No matching quizzes found
Score Distribution
Percent of People with Each Score
Percentile by Number Answered
Your Score History
You have not taken this quiz